Responses for Show #2765 - Friday, September 13, 1996

Lucien Schmit game 1.

Contestants

[<< previous game]

Lucien Schmit, a lawyer from Sherman Oaks, California

Elijah Siegler, a graduate student originally from Toronto, Canada

Scott Johnson, an agricultural chemical salesman from Stockton, California (whose 1-day cash winnings total $6,500)

[next game >>]

Jeopardy! Round responses

FORMER POSTAL WORKERS
HISTORY
BUSINESS '96
AROUND THE WORLD
RODENTS
"C"OMMON BONDS
    $100 26
Abraham Lincoln

Scott
    $100 1
Japan

Elijah
    $100 11
Apple Computers

Lucien
    $100 2
Alaska

Elijah
    $100 17
tail

Scott
    $100 14
Cole

Lucien
    $200 27
Notre Dame

Scott
    $200 7
Germany

Scott
    $200 12
Toys "R" Us

Lucien
    $200 3
Sydney

Elijah
    $200 18
kidneys

Scott
    $200 22
chambers

Elijah
    $300 28
Bing Crosby

Lucien
    $300 8
Winston Churchill

Scott
    $300 13
Disney

Elijah
    $300 4
Atlantic

Elijah
    $300 19
gophers

Triple Stumper
    $300 23
creams

Elijah
    $400 29
Dan Aykroyd

Scott
    $400 9
(Lucien: Who is Galen?)

Hippocrates

ElijahLucien
    $400 15
Helen Gurley Brown

Lucien
    $400 5
Chile

Elijah
    $400 20
South America

Scott
    $400 24
clubs

Lucien
    $500 30
Rock Hudson

Lucien
    $500 10
St. Stephen

Lucien
    $500 16
Anheuser-Busch

Scott
    $500 6
[Applause and cheers]

Nairobi

Elijah
    $600 21
(Scott: What is a squirrel?)

prairie dog

Scott
    $500 25
cells

Lucien

Scores at the first commercial break (after clue 15):

Scott Elijah Lucien
$500 $2,300 $900

Scores at the end of the Jeopardy! Round:

Scott Elijah Lucien
$1,800 $2,800 $2,600

Double Jeopardy! Round responses

BARONS
STATE CAPITOLS
COMPOSERS & THEIR MUSIC
CELEBRITY WOMEN
THE 1930s
CHILDREN'S LIT
    $200 10
Manfred von Richthofen

Lucien
    $200 1
Pennsylvania

Lucien
    $200 15
Ravel

Scott
    $200 20
Loni Anderson

Elijah
    $200 2
Hindenburg

Scott
    $200 4
Where The Wild Things Are

Lucien
    $400 11
(Laurence) Olivier

Elijah
    $400 8
Boston

Elijah
    $400 16
Verdi

Elijah
    $400 21
Tina Turner

Scott
    $400 3
Nicaragua

Elijah
    $400 9
James and the Giant Peach

Lucien
    $600 25
Baden-Powell

Elijah
    $600 28
Providence

Scott
    $600 17
(Elijah: What is a cruise ship?)

train

Elijah
Triple Stumper
    $600 22
Erma Bombeck

Elijah
    $600 5
King Farouk

Lucien
    $600 12
Wind in the Willows

Elijah
    $800 26
Baron von Munchausen

Lucien
    $800 29
Hawaii

Lucien
    $800 18
(Scott: Who is Liszt?)

Bedrich Smetana

Scott
Triple Stumper
    $800 23
(2 of) Claudia Schiffer, Naomi Campbell, Elle Macpherson, & Christy Turlington

Elijah
    $800 6
(Elijah: What is New Brunswick?)

Newfoundland

ScottElijah
    $1,000 13
(Elijah: Who is Anne Rice?)
...
(Alex: Anne Rice was a good choice, though. It got some laughs here.)
(Elijah: That's what counts.)

Amy Tan

Elijah
    $1000 27
Baron von Steuben

Triple Stumper
    $900 30
(Lucien: What is Arizona?)

New Mexico

Lucien
    $1000 19
Sibelius

Elijah
    $1000 24
(Elijah: Who is Diane Arbus?)
(Lucien: Who is Dorothea Lange?)
...
[Alex said the correct response surname with a "W" sound.]

Annie Leibovitz

ElijahLucien
Triple Stumper
    $1000 7
Ethiopia

Lucien
    $1000 14
Grossology

Triple Stumper

Scores at the end of the Double Jeopardy! Round:

Scott Elijah Lucien
$3,200 $4,800 $4,900

[wagering suggestions for these scores]

Final Jeopardy! Round responses

AMERICAN FICTIONAL CHARACTERS
[Elijah was going to say Bob Ganoush.]
ScottWho was Huck Finn
$3,000
ElijahWho is Bo
$4,750
LucienWho is Natty Bumpo
$4,701
Natty Bumppo (or Hawkeye or Deerslayer)

Final scores:

Scott Elijah Lucien
$200 $50 $9,601
2nd place: stay at the Quail Lodge Resort & Golf Club and Pinseeker golf clubs 3rd place: Franchi Menotti sports watch New champion: $9,601

Game dynamics:

Coryat scores:

Scott Elijah Lucien
$3,800 $5,800 $5,800
14 R,
2 W
(including 1 DD)
20 R,
4 W
(including 1 DD)
17 R,
3 W
(including 1 DD)

Combined Coryat: $15,400

[game clues] [game scores] [suggest correction]

Game tape date: 1996-08-07
The J! Archive is created by fans, for fans. Scraping, republication, monetization, and malicious use prohibited; this site may use cookies and collect identifying information. See terms. The Jeopardy! game show and all elements thereof, including but not limited to copyright and trademark thereto, are the property of Jeopardy Productions, Inc. and are protected under law. This website is not affiliated with, sponsored by, or operated by Jeopardy Productions, Inc. Join the discussion at JBoard.tv.